Stany USA większe od swoich sąsiadów - Statystyki

Ogólne statystyki
  • Ten quiz został rozwiązany 12 razy
    8 od ostatniego zresetowania
  • Średni wynik to 4 z 8
Statystyki odpowiedzi
Ranga Stan % Poprawnych
2 Teksas
100%
3 Kalifornia
83%
39 Maine
33%
22 Michigan
33%
14 Minnesota
33%
4 Montana
33%
30 Nowy Jork
33%
21 Georgia
17%
Nie znaleziono quizów pasujących do podanych kryteriów
Rozkład punktacji
Procent ludzi z każdym wynikiem
Percentyl według liczby udzielonych odpowiedzi
Twoja historia wyników
Nie rozwiązałeś tego quizu od ostatniego zresetowania